LEADER 00792nam0-2200265 --450 001 9910221856503321 005 20171129160359.0 100 $a20171031d1970----kmuy0itay5050 ba 101 0 $aeng 102 $aFI 105 $ay 001yy 200 1 $aAccentual responsion in greek strophic poetry$fErik Wahlstrom 210 $aHelsinki$cSocietas scientiarum fennica$d1970 215 $a22 p.$d25 cm 225 1 $aCommentationes humanarum litterarum$v47 610 0 $aPoesia greca$aMetrica 676 $a881.0109$v22$zita 700 1$aWahlstrom,$bErik$0747724 801 0$aIT$bUNINA$gREICAT$2UNIMARC 901 $aBK 912 $a9910221856503321 952 $aP2$bDFClas. 933$fFLFBC 959 $aFLFBC 996 $aAccentual responsion in greek strophic poetry$91494249 997 $aUNINA LEADER 01411nam0 2200301 450 001 000043083 005 20170531090954.0 100 $a20170529d--------km-y0itaa50------ba 101 0 $aita 102 $aIT 200 1 $aBilancio 1969$eventesimo esercizio$fCassa per opere straordinarie di pubblico interesse nell'Italia meridionale (Cassa per il Mezzogiorno) 210 $aRoma$c[s.n.]$g<> Failli 215 $aVolumi$cill.$d30 cm. 316 $aSulla pagina precedente il front. del vol. 1 inv. 41579 firma autografa e data: Gioacchino Viggiani, 31 agosto 1970 327 1 $aVol. [1]: Relazioni. - 1970. - XXV, 463 p., [3] carte di tav. ripieg. 517 1 $aBilancio millenovecentosessantanove 559 1$aRelazioni 606 1 $aCassa del Mezzogiorno$xBilancio$z1969 676 $a657.3$v(22. ed.)$9Contabilità. Rendiconti finanziari 710 02$aCassa per opere straordinarie di pubblico interesse nell'Italia meridionale$0287783 801 0$aIT$bUniversità della Basilicata - B.I.A.$gREICAT$2unimarc 912 $a000043083 996 $aBilancio 1969$91531899 997 $aUNIBAS CAT $aTTM$b30$c20170529$lBAS01$h1605 CAT $aTTM$b30$c20170531$lBAS01$h0909 FMT Z30 -1$lBAS01$LBAS01$mBOOK$1BASA2$APolo Tecnico-Scientifico$2FVIG$BFondo Viggiani$3FVig.41579$641579$5T41579$7Collocato presso la Scuola di Agraria$820170529$f35$FStanza riservata